000 00372nam a22001577a 4500
003 OSt
008 240503b |||||||| |||| 00| 0 eng d
020 _a9789354246036
082 _a332.1 KAF
100 _aKAPIL,Sheeba
245 _aFinancial Valuation and Modelling
250 _a1st Ed
260 _aNew Delhi
_b Wiley India
_c2022
300 _a504
942 _2ddc
_cBK
999 _c12612
_d12612